000 00559nam a22001817a 4500
005 20251108172034.0
008 250721s1978 xx 000 0 ara d
082 1 4 _a370.78/جاب
100 1 _aجابر، جابر عبد الحميد
245 1 0 _aمناهج البحث في التربية و علم النفس /
250 _aط2
264 1 _aالقاهرة :
_bدار النهضة العربية،
_c1978.
300 _a384ص
650 1 7 _aالبحث التربوي
700 1 _aكاظم، أحمد خيري
942 _2ddc
_cBK
999 _c68902
_d68902